Normal view
MARC view
- Qurat ul Ain
Entry Personal Name
001 - CONTROL NUMBER
- control field: 84973
003 - CONTROL NUMBER IDENTIFIER
- control field: NUST
005 - DATE AND TIME OF LATEST TRANSACTION
- control field: 20211124095334.0
008 - FIXED-LENGTH DATA ELEMENTS
- fixed length control field: 211124|| aca||aabn | a|a d
040 ## - CATALOGING SOURCE
- Original cataloging agency: NUST
- Transcribing agency: NUST
100 ## - HEADING--PERSONAL NAME
- Personal name: Qurat ul Ain
670 ## - SOURCE DATA FOUND
- Source citation: Work cat.: (NUST): Qurat ul Ain, TH-SOF-1939-Effect of Green HRM Practices on Pro-environmental Behavior in Manufacturing Industry of Pakistan, 2021.
